Scented flora of the world: An encyclopedia (Record no. 30457)

MARC details
000 -LEADER
fixed length control field 00285nam a2200109Ia 4500
082 ## - DEWEY DECIMAL CLASSIFICATION NUMBER
Classification number 581.9(031)
Item number GEN
100 ## - MAIN ENTRY--AUTHOR NAME
Personal name Genders, Roy
245 #0 - TITLE STATEMENT
Title Scented flora of the world: An encyclopedia
260 ## - PUBLICATION, DISTRIBUTION, ETC. (IMPRINT)
Place of publication London
Name of publisher Granad
Year of publication 1978
942 ## - ADDED ENTRY ELEMENTS (KOHA)
Koha item type Books
Holdings
Withdrawn status Lost status Damaged status Not for loan Home library Current library Date acquired Cost, normal purchase price Full call number Accession Number Koha item type
        RRII Library RRII Library 16/12/2021 8.95 581.9(031) GEN 11029 Books